Najgęściej zaludnione miasta woj. pomorskiego - Statystyki

Ogólne statystyki
  • Ten quiz został rozwiązany 16 razy
  • Średni wynik to 8 z 12
Statystyki odpowiedzi
Gęstość zaludnienia (os/km²) Miasto % Poprawnych
1835 Gdańsk
100%
1973 Słupsk
87%
2536 Tczew
80%
1961 Pruszcz Gdański
73%
2013 Kartuzy
67%
2131 Malbork
67%
1861 Nowy Dwór Gdański
67%
1860 Bytów
60%
1830 Chojnice
60%
1896 Lębork
60%
2175 Puck
53%
1958 Sztum
40%
Nie znaleziono quizów pasujących do podanych kryteriów
Rozkład punktacji
Procent ludzi z każdym wynikiem
Percentyl według liczby udzielonych odpowiedzi
Twoja historia wyników
Nie rozwiązałeś tego quizu